000 00319 a2200109 4500
001 ART_11203
005 20260410161855.0
008 260409a
245 1 0 _aLa relación deficit fiscal-inflación
100 1 _aFrediani, Ramón O.
773 0 _tRevista de Economía
_g- Nº 37 (jun. 1983)
_wREV11077
999 _c25383
_d25383